| Tag |
First Indicator |
Second Indicator |
Subfields |
| LEADER |
00000cam a2200000 a 4500 |
| 001 |
in00000632549 |
| 005 |
20151015052643.0 |
| 008 |
791205s1979 dcucf b 00110 engmd |
| 010 |
|
|
|a 79064515
|
| 020 |
|
|
|a 0819107638
|
| 035 |
|
|
|a (OCoLC)05763802
|
| 035 |
|
|
|9 ACU2465AM
|
| 040 |
|
|
|a VRC
|c VRC
|d TXA
|d UtOrBLW
|
| 049 |
|
|
|a TXAM
|c [1481387]
|
| 090 |
|
|
|a PN4778
|b .W28
|
| 100 |
1 |
|
|a Wagner, Eileen N.
|
| 245 |
1 |
0 |
|a For the sake of argument :
|b writing editorials and position papers /
|c Eileen N. Wagner.
|
| 264 |
|
1 |
|a Washington, D.C. :
|b University Press of America,
|c [1979]
|
| 264 |
|
4 |
|c ©1979
|
| 300 |
|
|
|a viii, 182 pages, 1 unnumbered leaf of plate :
|b portrait ;
|c 23 cm.
|
| 336 |
|
|
|a text
|b txt
|2 rdacontent
|
| 337 |
|
|
|a unmediated
|b n
|2 rdamedia
|
| 338 |
|
|
|a volume
|b nc
|2 rdacarrier
|
| 500 |
|
|
|a Includes index.
|
| 504 |
|
|
|a Bibliography: page 138.
|
| 650 |
|
0 |
|a Editorials.
|
| 650 |
|
0 |
|a Journalism
|x Authorship.
|
| 999 |
|
|
|a MARS
|
| 999 |
f |
f |
|s 5c2f7d8b-9aa6-383f-9fa8-d4cfb49f404f
|i 648432d2-d204-3d79-987e-f8ca11719d99
|t 0
|
| 952 |
f |
f |
|p ric
|a Texas A&M University
|b Rellis Campus
|c Joint Library Facility
|d Remote Storage
|t 0
|e PN4778 .W28
|h Library of Congress classification
|i unmediated -- volume
|m A14803723696
|
| 998 |
f |
f |
|a PN4778 .W28
|t 0
|l Remote Storage
|